IMF survey

Guardado en:
Detalles Bibliográficos
Formato: Seriadas
Lenguaje:inglés
Publicado: Washington International Monetary Fund 1980
Materias:
Etiquetas: Agregar Etiqueta
Sin Etiquetas, Sea el primero en etiquetar este registro!

MARC

LEADER 00000nas2a22000001 4500
001 0016225
005 20250730114343.5
041 0 |a eng 
044 |a US 
245 1 0 |a IMF survey 
264 1 |a Washington  |b International Monetary Fund  |c 1980 
300 |a 1 zv. 
773 0 |w eu_un_cat*s120209 
610 2 0 |a styk platobný medzinárodný 
610 2 0 |a organizácie medzinárodné